000 00590nam a2200205Ia 4500
003 GCL
008 140319s9999 xx 000 0 ara d
040 _aGCL /
_cGCL
082 0 4 _a398.9
_bم ا
100 1 _aمحمد صفوت كمال
245 1 0 _aالامثال الشعبية /
_cمحمد صفوت كمال
260 _a[S.N] :
_bمكتبة مصر
300 _a94 ص
490 _a
650 0 4 _aالاهاجى والفكاهات
650 0 4 _aالادب الشعبى
650 0 4 _aالامثال العامية
650 0 4 _aالامثال الشعبية
942 _2ddc
_cBK
999 _c34320
_d34320